Corpi ad arte : la drag queen e l'illusoria consistenza del genere /

Na minha lista:
Detalhes bibliográficos
Autor principal: Lanzarotta, Donatella (Autor)
Formato: Livro
Idioma:Língua italiana
Publicado em: Verona : Ombre corte, 2014
coleção:Culture ; 115
Assuntos:
Tags: Adicionar Tag
Sem tags, seja o primeiro a adicionar uma tag!

MARC

LEADER 00000nam a2200000 i 4500
001 IT\ICCU\TER\0038774
003 ItRI
005 20260115232204.0
008 140606s2014 it |||||| ||||| |||||c
015 |2 IT  |a 2015-2335 
020 |a 9788897522737 
040 |b ita  |c importazione bologna sebina 
041 7 |a ita  |2 ISO-639-2 
082 |a 306.778  |9 PRATICHE SESSUALI. TRAVESTITISMO  |2 23 
100 1 |a Lanzarotta, Donatella  |0 IT\ICCU\TERV\032120  |4 aut 
240 1 0 |a Corpi ad arte  |3 IT\ICCU\BCT\0022128  |9 Lanzarotta, Donatella 
245 1 0 |a Corpi ad arte :  |b la drag queen e l'illusoria consistenza del genere /  |c Donatella Lanzarotta. 
260 |a Verona :  |b Ombre corte,  |c 2014 
300 |a 157 p. :  |b ill. ;  |c 21 cm 
650 7 |a Travestitismo 
830 0 |a Culture ;  |v 115  |0 IT\ICCU\VIA\0078436 
942 |2 ddc  |c BK  |n 0 
952 |0 0  |1 0  |4 0  |6 DOC_792_028000000000000_LAN  |7 0  |9 21643  |a BO  |b BO  |d 2026-01-15  |i 19522  |l 0  |o DOC 792.028 LAN  |p BO19522  |r 2026-01-15 23:22:04  |w 2026-01-15  |x [Sebina 5] [1 v.]  |y BK  |z 1 v. 
999 |c 18484  |d 18484